<?xml version="1.0" encoding="UTF-8"?>
<record
    xmlns:xsi="http://www.w3.org/2001/XMLSchema-instance"
    xsi:schemaLocation="http://www.loc.gov/MARC21/slim http://www.loc.gov/standards/marcxml/schema/MARC21slim.xsd"
    xmlns="http://www.loc.gov/MARC21/slim">

  <leader>01472nam a22003011i 4500</leader>
  <controlfield tag="001">154113</controlfield>
  <controlfield tag="003">ES-MaACL</controlfield>
  <controlfield tag="005">20250718063325.0</controlfield>
  <controlfield tag="008">931025s1596    sp           |||| | spa d</controlfield>
  <datafield tag="100" ind1="1" ind2=" ">
    <subfield code="a">Fonseca, Crist&#xF3;bal de</subfield>
    <subfield code="e">aut</subfield>
    <subfield code="9">51516</subfield>
  </datafield>
  <datafield tag="245" ind1="1" ind2="0">
    <subfield code="a">Primera parte de la Vida de Christo Se&#xF1;or Nuestro / </subfield>
    <subfield code="c">compuesto por el Padre Maestro Fray Christoual de Fonseca...</subfield>
  </datafield>
  <datafield tag="260" ind1=" " ind2=" ">
    <subfield code="a">Toledo : </subfield>
    <subfield code="b">por Thomas de Guzman, </subfield>
    <subfield code="c">1596.</subfield>
  </datafield>
  <datafield tag="300" ind1=" " ind2=" ">
    <subfield code="a">[9], 383, [8] hojas ; </subfield>
    <subfield code="c">Fol. (30 cm)</subfield>
  </datafield>
  <datafield tag="500" ind1=" " ind2=" ">
    <subfield code="a">Hojas imp. por ambas caras</subfield>
  </datafield>
  <datafield tag="510" ind1="4" ind2=" ">
    <subfield code="a">CCBE S. XVI, </subfield>
    <subfield code="c">F, 805</subfield>
  </datafield>
  <datafield tag="530" ind1=" " ind2=" ">
    <subfield code="a">Disponible en formato digital</subfield>
  </datafield>
  <datafield tag="596" ind1=" " ind2=" ">
    <subfield code="a">Colof&#xF3;n</subfield>
  </datafield>
  <datafield tag="597" ind1=" " ind2=" ">
    <subfield code="a">Sign.: [ ]1, &#xB6;7, a1, A9, B-Z8, 2A-2Y8, 2Z10,  Aaa8-Bbb6, &#xB6;8.</subfield>
  </datafield>
  <datafield tag="597" ind1=" " ind2=" ">
    <subfield code="a">Texto a dos col.</subfield>
  </datafield>
  <datafield tag="599" ind1=" " ind2=" ">
    <subfield code="a">Port. con grab. xil. que representa la Crucifixi&#xF3;n</subfield>
  </datafield>
  <datafield tag="600" ind1="0" ind2="4">
    <subfield code="a">Jesucristo-</subfield>
    <subfield code="x">Biograf&#xED;as.</subfield>
    <subfield code="9">140032</subfield>
  </datafield>
  <datafield tag="852" ind1="4" ind2=" ">
    <subfield code="a">ES-MaACL</subfield>
    <subfield code="c">DEPO</subfield>
    <subfield code="d">G-6375 </subfield>
    <subfield code="g">Dedicatoria aut&#xF3;grafa de Rafael &#xC1;lvarez Sereix al Ateneo de Madrid, junio de 1885  </subfield>
    <subfield code="h">Donativo de Rafael &#xC1;lvarez Sereix </subfield>
    <subfield code="j">R-747      </subfield>
    <subfield code="q">&#xDA;ltimas h., de &#xED;ndice y colof&#xF3;n, deterioradas en los bordes      </subfield>
    <subfield code="x">Pasta espa&#xF1;ola</subfield>
  </datafield>
  <datafield tag="856" ind1="4" ind2=" ">
    <subfield code="u">http://hdl.handle.net/10481/10866</subfield>
    <subfield code="y">Versi&#xF3;n en l&#xED;nea</subfield>
    <subfield code="z">(Il&#xED;beris: fondo bibliogr&#xE1;fico hist&#xF3;rico de la Universidad de Granada)</subfield>
  </datafield>
  <datafield tag="856" ind1="4" ind2=" ">
    <subfield code="u">https://hdl.handle.net/11656/7728</subfield>
    <subfield code="y">Versi&#xF3;n en l&#xED;nea</subfield>
    <subfield code="z">(Biblioteca Digital Loyola)</subfield>
  </datafield>
  <datafield tag="942" ind1=" " ind2=" ">
    <subfield code="2">udc</subfield>
    <subfield code="c">MONANT</subfield>
    <subfield code="n">0</subfield>
  </datafield>
  <datafield tag="999" ind1=" " ind2=" ">
    <subfield code="c">154113</subfield>
    <subfield code="d">154113</subfield>
  </datafield>
  <datafield tag="952" ind1=" " ind2=" ">
    <subfield code="0">0</subfield>
    <subfield code="1">0</subfield>
    <subfield code="2">udc</subfield>
    <subfield code="4">0</subfield>
    <subfield code="7">0</subfield>
    <subfield code="8">LIBXVI</subfield>
    <subfield code="a">ATENEOM</subfield>
    <subfield code="b">ATENEOM</subfield>
    <subfield code="c">DEPO</subfield>
    <subfield code="d">2008-01-17</subfield>
    <subfield code="e">DONACION</subfield>
    <subfield code="l">1</subfield>
    <subfield code="o">R-747</subfield>
    <subfield code="p">1161146</subfield>
    <subfield code="r">2024-11-12 00:00:00</subfield>
    <subfield code="s">2023-07-19</subfield>
    <subfield code="y">MONANT</subfield>
    <subfield code="z">Dedicatoria aut&#xF3;grafa de Rafael &#xC1;lvarez Sereix </subfield>
  </datafield>
</record>
